01424nam0a22002531 4500001001100000005001700011021001900028035002600047100004100073101000800114102000700122105001800129200012800147210005500275215002600330225032700356300010900683606006900792700006200861712018300923801001801106801002201124852002401146rc\392199120260407214743.0 aRUb[52-21789] a(NLR Aleph) 008026507 a20130415d1952 |||y0rusy50 ca0 arus aRU aa z |||||1 aТермохимический метод определения начальной активности цемента aМоскваcПромстройиздатd1952 a16 с.cчерт.d221 aМинистерство промышленности строительных материалов СССР. Технический совет и Техническое управление. Центральное бюро технической информации. [Информационные сообщения] aАвт. указан на обороте тит. л.: канд. тех. наук Т.М. Беркович aЦементxАктивностьxОпределение2psbo 1aБерковичbТ.М.gТобиас Моисеевич01aСССРbМинистерство промышленности строительных материаловbТехническое управление3RU\NLR\AUTH\8810144544 0aRUbNLRgpsbo 1aRUbELAR2rusmarc aNLRjТ80 Г-6/1176